[Event "Toronto Spring-B 04"]
[Site "Toronto CAN"]
[Date "2008.04.30"]
[Round "5"]
[White "Cooke, Mathew G"]
[Black "Chapin, Sam"]
[Result "0-1"]
[WhiteElo "1837"]
[BlackElo "1779"]
[PlyCount "62"]
[GameId "2160767910351306"]
[EventDate "2008.04.02"]
[EventType "tourn"]
[EventRounds "7"]
[EventCountry "CAN"]
[SourceTitle "EXT 2011"]
[Source "ChessBase"]
[SourceDate "2011.11.26"]
[SourceVersion "1"]
[SourceVersionDate "2011.11.26"]
[SourceQuality "1"]

1. d4 d5 2. c4 c6 3. g3 dxc4 4. Bg2 b5 5. a4 b4 6. Bf4 Bb7 7. e4 e6 8. Ne2 Nf6 9. Nd2 c5 10. Rc1 cxd4 11. Rxc4 Nc6 12. Nb3 e5 13. Rxc6 Bxc6 14. Bxe5 Bxa4 15. Nexd4 Bc5 16. Qa1 Bxb3 17. Nxb3 Bxf2+ 18. Ke2 O-O 19. Bxf6 Qxf6 20. Rf1 Qc6 21. Rxf2 Qc4+ 22. Ke1 Qxb3 23. Rf3 Qc4 24. Re3 Rac8 25. Qxa7 Qc1+ 26. Kf2 Rc2+ 27. Re2 Qxb2 28. Bf3 b3 29. Qe7 Rxe2+ 30. Bxe2 Qc2 31. Ke3 b2 0-1

[Event "Toronto Spring-B 04"]
[Site "Toronto CAN"]
[Date "2008.04.30"]
[Round "5"]
[White "Ferreira, Alex"]
[Black "Moran-Venegas, Mario"]
[Result "1-0"]
[WhiteElo "2016"]
[BlackElo "1709"]
[PlyCount "75"]
[GameId "2160767910351307"]
[EventDate "2008.04.02"]
[EventType "tourn"]
[EventRounds "7"]
[EventCountry "CAN"]
[SourceTitle "EXT 2011"]
[Source "ChessBase"]
[SourceDate "2011.11.26"]
[SourceVersion "1"]
[SourceVersionDate "2011.11.26"]
[SourceQuality "1"]

1. e4 e5 2. Nf3 Nc6 3. Bb5 a6 4. Bxc6 dxc6 5. d4 Bg4 6. dxe5 Qxd1+ 7. Kxd1 O-O-O+ 8. Ke2 Bc5 9. Be3 Bxe3 10. Kxe3 Ne7 11. h3 Bh5 12. Nc3 h6 13. Nh4 g5 14. Nf5 Nxf5+ 15. exf5 Rhe8 16. g4 Rxe5+ 17. Ne4 Rde8 18. f3 f6 19. gxh5 Rxf5 20. Ke2 Rf4 21. Kd2 Rd8+ 22. Kc1 Rxf3 23. a4 f5 24. Nc5 Rd5 25. Nd3 g4 26. hxg4 fxg4 27. Kd2 Rf2+ 28. Kc3 Rff5 29. Rag1 Rg5 30. Rg3 b6 31. Rh4 Rxh5 32. Rgxg4 Kb7 33. b4 Rhf5 34. Rxh6 Rf3 35. Rh7 c5 36. Rgg7 cxb4+ 37. Kc4 Rc5+ 38. Nxc5+ 1-0

[Event "Toronto Spring-B 04"]
[Site "Toronto CAN"]
[Date "2008.04.30"]
[Round "5"]
[White "Vallalobos, Oscar"]
[Black "Armstrong, Robert J"]
[Result "1-0"]
[WhiteElo "1791"]
[BlackElo "1834"]
[PlyCount "43"]
[GameId "2160767910351308"]
[EventDate "2008.04.02"]
[EventType "tourn"]
[EventRounds "7"]
[EventCountry "CAN"]
[SourceTitle "EXT 2011"]
[Source "ChessBase"]
[SourceDate "2011.11.26"]
[SourceVersion "1"]
[SourceVersionDate "2011.11.26"]
[SourceQuality "1"]

1. d4 g6 2. e4 Bg7 3. Nc3 d6 4. Be3 Nf6 5. Be2 O-O 6. Qd2 c6 7. Bh6 b5 8. f3 Qa5 9. h4 Bxh6 10. Qxh6 b4 11. Nd1 b3+ 12. c3 bxa2 13. h5 Be6 14. hxg6 fxg6 15. f4 Rf7 16. Nf3 Nxe4 17. Bd3 Ng3 18. Bxg6 Nxh1 19. Bxh7+ Rxh7 20. Qxe6+ Kf8 21. Ng5 Rg7 22. Qc8+ 1-0

[Event "Toronto-ch Seniors"]
[Site "Toronto CAN"]
[Date "2008.10.14"]
[Round "1"]
[White "Villaluz, Ernesto"]
[Black "Armstrong, Robert J"]
[Result "0-1"]
[WhiteElo "1327"]
[BlackElo "1804"]
[PlyCount "80"]
[GameId "2160767910302996"]
[EventDate "2008.10.14"]
[EventType "swiss"]
[EventRounds "7"]
[EventCountry "CAN"]
[SourceTitle "EXT 2011"]
[Source "ChessBase"]
[SourceDate "2011.11.26"]
[SourceVersion "1"]
[SourceVersionDate "2011.11.26"]
[SourceQuality "1"]

1. c4 g6 2. Nc3 Bg7 3. Nf3 Nf6 4. g3 O-O 5. Bg2 d6 6. O-O e5 7. d3 c6 8. Bd2 Bg4 9. Qc1 Re8 10. Bg5 Qd7 11. Bh6 Bh8 12. Ne1 Bh3 13. e4 Bxg2 14. Nxg2 Qh3 15. f3 Qe6 16. Qd2 Na6 17. f4 exf4 18. Nxf4 Qd7 19. Ng2 Nc5 20. Rab1 Ne6 21. Nf4 Ng4 22. Nxe6 Rxe6 23. Rf3 Nxh6 24. Qxh6 Bg7 25. Qd2 Rf6 26. Rbf1 Rxf3 27. Rxf3 Rf8 28. b3 f5 29. exf5 Rxf5 30. Rxf5 Qxf5 31. Ne4 Bd4+ 32. Kg2 d5 33. Nd6 Qd7 34. Qf4 Bc5 35. Nxb7 Qxb7 36. cxd5 cxd5 37. d4 Be7 38. Qe5 Qd7 39. Qb8+ Kg7 40. Qe5+ Bf6 0-1

[Event "Toronto-ch Seniors"]
[Site "Toronto CAN"]
[Date "2008.10.21"]
[Round "2"]
[White "Tseluiko, Oleg"]
[Black "Armstrong, Robert J"]
[Result "1-0"]
[WhiteElo "1937"]
[BlackElo "1804"]
[PlyCount "101"]
[GameId "2160767910302997"]
[EventDate "2008.10.14"]
[EventType "swiss"]
[EventRounds "7"]
[EventCountry "CAN"]
[SourceTitle "EXT 2011"]
[Source "ChessBase"]
[SourceDate "2011.11.26"]
[SourceVersion "1"]
[SourceVersionDate "2011.11.26"]
[SourceQuality "1"]

1. e4 g6 2. d4 Bg7 3. Nf3 d6 4. Be2 Nf6 5. O-O Nxe4 6. Bd3 Nf6 7. h3 O-O 8. c4 Nc6 9. d5 Nb4 10. Be2 Bf5 11. Nd4 Bxb1 12. a3 Bc2 13. Nxc2 Nxc2 14. Qxc2 c6 15. Bf3 cxd5 16. cxd5 Qa5 17. Bd2 Qb5 18. a4 Qd7 19. Rac1 Rac8 20. Qb3 Rxc1 21. Rxc1 Rc8 22. Rxc8+ Qxc8 23. Be3 b6 24. Qb5 Qd7 25. Qc6 h5 26. b4 e6 27. a5 exd5 28. Qa8+ Kh7 29. axb6 axb6 30. Bxb6 Qb5 31. Qa5 Qc4 32. Be3 d4 33. Bd2 d3 34. b5 Ne4 35. Bxe4 Qxe4 36. b6 Be5 37. Qa7 Qe2 38. Qxf7+ Kh8 39. Qf8+ Kh7 40. Qe7+ Kh8 41. Qd8+ Kh7 42. Qc7+ Kg8 43. Qc1 Bd4 44. b7 Qxf2+ 45. Kh1 Ba7 46. Be3 Bxe3 47. b8=Q+ Kh7 48. Qcc7+ Kh6 49. Qh8+ Kg5 50. Qe7+ Kf5 51. Qhf6# 1-0

[Event "Toronto-ch Seniors"]
[Site "Toronto CAN"]
[Date "2008.11.27"]
[Round "3"]
[White "Armstrong, Robert J"]
[Black "Stein, Mickey"]
[Result "1-0"]
[WhiteElo "1804"]
[BlackElo "1996"]
[PlyCount "29"]
[GameId "2160767910302998"]
[EventDate "2008.10.14"]
[EventType "swiss"]
[EventRounds "7"]
[EventCountry "CAN"]
[SourceTitle "EXT 2011"]
[Source "ChessBase"]
[SourceDate "2011.11.26"]
[SourceVersion "1"]
[SourceVersionDate "2011.11.26"]
[SourceQuality "1"]

1. d4 Nf6 2. c4 e6 3. Nf3 Bb4+ 4. Bd2 Qe7 5. a3 Bxd2+ 6. Qxd2 Nc6 7. e4 e5 8. d5 Nb8 9. Bd3 O-O 10. h3 a5 11. g4 Na6 12. Bc2 g5 13. h4 a4 14. h5 b5 15. Nh4 1-0

[Event "Toronto-ch Seniors"]
[Site "Toronto CAN"]
[Date "2008.11.04"]
[Round "4"]
[White "Termeer, Ted"]
[Black "Armstrong, Robert J"]
[Result "1/2-1/2"]
[WhiteElo "1426"]
[BlackElo "1804"]
[PlyCount "84"]
[GameId "2160767910302999"]
[EventDate "2008.10.14"]
[EventType "swiss"]
[EventRounds "7"]
[EventCountry "CAN"]
[SourceTitle "EXT 2011"]
[Source "ChessBase"]
[SourceDate "2011.11.26"]
[SourceVersion "1"]
[SourceVersionDate "2011.11.26"]
[SourceQuality "1"]

1. Nf3 g6 2. d4 Bg7 3. c3 Nf6 4. Bf4 O-O 5. h3 d6 6. Nbd2 Nbd7 7. e4 Nh5 8. Bh2 e5 9. d5 h6 10. Bd3 Qe8 11. Nb3 a5 12. a4 f5 13. Qc2 Nf4 14. Bxf4 exf4 15. O-O Ne5 16. Nxe5 Bxe5 17. f3 Qe7 18. Rae1 Qg5 19. Kh1 fxe4 20. Bxe4 Bf5 21. Bxf5 Rxf5 22. c4 Qf6 23. Rb1 g5 24. Nd2 Rf8 25. Ne4 Qg7 26. b3 Bd4 27. Rfd1 h5 28. Nf2 b6 29. Re1 Be3 30. Nd1 Bd4 31. Nf2 Re5 32. Rxe5 Bxe5 33. Re1 Rf6 34. Qd3 Qd7 35. Ne4 Rg6 36. Nc5 Qf7 37. Ne6 g4 38. Qe4 gxh3 39. gxh3 Kh8 40. Rg1 Rxg1+ 41. Kxg1 Qg8+ 42. Kf1 Qg3 1/2-1/2

[Event "Toronto-ch Seniors"]
[Site "Toronto CAN"]
[Date "2008.11.11"]
[Round "5"]
[White "Armstrong, Robert J"]
[Black "Frilles, Ruperto"]
[Result "0-1"]
[WhiteElo "1804"]
[BlackElo "2079"]
[PlyCount "76"]
[GameId "2160767910303000"]
[EventDate "2008.10.14"]
[EventType "swiss"]
[EventRounds "7"]
[EventCountry "CAN"]
[SourceTitle "EXT 2011"]
[Source "ChessBase"]
[SourceDate "2011.11.26"]
[SourceVersion "1"]
[SourceVersionDate "2011.11.26"]
[SourceQuality "1"]

1. d4 Nf6 2. c4 g6 3. Nc3 Bg7 4. e4 d6 5. f3 O-O 6. Be3 e5 7. d5 c6 8. Nge2 cxd5 9. cxd5 a6 10. g4 b5 11. Ng3 Nbd7 12. h4 Nc5 13. Qd2 b4 14. Nd1 Qa5 15. Rc1 Bxg4 16. Bxc5 dxc5 17. fxg4 Nxg4 18. Qe2 h5 19. b3 Bh6 20. Rc2 Bf4 21. Rg1 Qd8 22. Rxc5 Qxh4 23. Qd3 Rac8 24. Rc4 f5 25. Rxc8 Rxc8 26. exf5 e4 27. Qxe4 Bxg3+ 28. Ke2 Be5 29. fxg6 Rf8 30. d6 Kg7 31. d7 Qe7 32. Bh3 Rf4 33. Rxg4 hxg4 34. Qe3 gxh3 35. d8=Q Qxd8 36. Qxe5+ Qf6 37. Qc7+ Kxg6 38. Ne3 h2 0-1

[Event "Toronto-ch Seniors"]
[Site "Toronto CAN"]
[Date "2008.12.02"]
[Round "7"]
[White "Hosiosky, Ben"]
[Black "Armstrong, Robert J"]
[Result "0-1"]
[WhiteElo "2039"]
[BlackElo "1804"]
[PlyCount "68"]
[GameId "2160767910303001"]
[EventDate "2008.10.14"]
[EventType "swiss"]
[EventRounds "7"]
[EventCountry "CAN"]
[SourceTitle "EXT 2011"]
[Source "ChessBase"]
[SourceDate "2011.11.26"]
[SourceVersion "1"]
[SourceVersionDate "2011.11.26"]
[SourceQuality "1"]

1. Nf3 g6 2. d4 Bg7 3. Bf4 Nf6 4. Nc3 O-O 5. Qd2 d6 6. Bh6 c5 7. Bxg7 Kxg7 8. e3 a6 9. Be2 b5 10. b3 Bb7 11. O-O Ne4 12. Nxe4 Bxe4 13. Rad1 Qc7 14. d5 Bxf3 15. Bxf3 a5 16. a3 Nd7 17. Be2 Rfb8 18. f4 Kg8 19. Rb1 Rb7 20. Bf3 c4 21. bxc4 Qxc4 22. Be2 Qc5 23. a4 b4 24. Bb5 Rc7 25. Bc6 Rac8 26. Rfc1 Nf6 27. Qd3 Ng4 28. Re1 e6 29. Qb5 Qa7 30. c4 bxc3 31. Qb6 Qxb6 32. Rxb6 exd5 33. Bb7 Rb8 34. Rc6 Rbxb7 0-1

[Event "Toronto-ch U20"]
[Site "Toronto CAN"]
[Date "2008.11.11"]
[Round "1"]
[White "Gusev, Nikita"]
[Black "Kleinman, Michael"]
[Result "1-0"]
[WhiteElo "2048"]
[BlackElo "2007"]
[PlyCount "125"]
[GameId "2160767910294393"]
[EventDate "2008.11.11"]
[EventType "tourn"]
[EventRounds "5"]
[EventCountry "CAN"]
[SourceTitle "EXT 2011"]
[Source "ChessBase"]
[SourceDate "2011.11.26"]
[SourceVersion "1"]
[SourceVersionDate "2011.11.26"]
[SourceQuality "1"]

1. e4 c5 2. Nf3 d6 3. d4 cxd4 4. Nxd4 Nf6 5. Nc3 Bd7 6. Bg5 Nc6 7. Nb3 a6 8. Be2 b5 9. a3 e6 10. O-O Be7 11. f4 Qb8 12. Kh1 h6 13. Bh4 d5 14. Bxf6 Bxf6 15. exd5 Ne7 16. Nc5 Bxc3 17. Nxd7 Qc7 18. bxc3 Qxd7 19. dxe6 Qxe6 20. f5 Qf6 21. Qd4 Qxd4 22. cxd4 Rc8 23. f6 Nd5 24. fxg7 Rg8 25. Rae1 Ne7 26. d5 Rd8 27. c4 bxc4 28. Bxc4 Rd6 29. Rf2 Rxg7 30. Rfe2 f5 31. Re6 Kd7 32. Rxd6+ Kxd6 33. Re6+ Kc5 34. Ba2 Ng6 35. Rc6+ Kd4 36. Rxa6 Rc7 37. Rc6 Re7 38. Rc1 Ra7 39. d6 Ke5 40. Rd1 Nf8 41. Rd3 Nd7 42. Kg1 Ke4 43. Bb1 Ke5 44. Ba2 Ke4 45. Bb1 Ke5 46. Kf2 Rb7 47. Bc2 Rb2 48. Rd2 Nc5 49. Ke2 Nd7 50. Ba4 Rb7 51. Bc6 Ra7 52. Bxd7 Rxd7 53. Kf3 h5 54. a4 Ke6 55. a5 h4 56. h3 Ke5 57. a6 Ke6 58. Kf4 Kf6 59. a7 Rxa7 60. d7 Ra4+ 61. Kf3 Kg6 62. d8=Q Kh5 63. Qe8+ 1-0

[Event "Toronto-ch U20"]
[Site "Toronto CAN"]
[Date "2008.11.11"]
[Round "1"]
[White "Orlova, Yelizaveta"]
[Black "Hambleton, Aman"]
[Result "0-1"]
[WhiteElo "2035"]
[BlackElo "2060"]
[PlyCount "56"]
[GameId "2160767910294394"]
[EventDate "2008.11.11"]
[EventType "tourn"]
[EventRounds "5"]
[EventCountry "CAN"]
[SourceTitle "EXT 2011"]
[Source "ChessBase"]
[SourceDate "2011.11.26"]
[SourceVersion "1"]
[SourceVersionDate "2011.11.26"]
[SourceQuality "1"]

1. d4 Nf6 2. Nf3 c5 3. c3 e6 4. g3 b6 5. Bg2 Bb7 6. O-O Be7 7. b3 O-O 8. Bb2 Qc7 9. Nbd2 d6 10. Re1 Nbd7 11. e4 cxd4 12. cxd4 Rac8 13. Rc1 Qb8 14. Qe2 a6 15. Ba3 Nxe4 16. Nxe4 Bxe4 17. Qxa6 Bb7 18. Qb5 Nf6 19. Nh4 Bxg2 20. Nxg2 Qa8 21. Qa4 Qf3 22. Nh4 Qb7 23. Bb4 Nd5 24. Ng2 Rxc1 25. Rxc1 b5 26. Qa3 Ra8 27. Ba5 b4 28. Qa4 Nc3 0-1

[Event "Toronto-ch U20"]
[Site "Toronto CAN"]
[Date "2008.11.11"]
[Round "1"]
[White "Sapozhnikov, Roman"]
[Black "Calugar, Arthur"]
[Result "1/2-1/2"]
[WhiteElo "2264"]
[BlackElo "2230"]
[PlyCount "113"]
[GameId "2160767910294395"]
[EventDate "2008.11.11"]
[EventType "tourn"]
[EventRounds "5"]
[EventCountry "CAN"]
[SourceTitle "EXT 2011"]
[Source "ChessBase"]
[SourceDate "2011.11.26"]
[SourceVersion "1"]
[SourceVersionDate "2011.11.26"]
[SourceQuality "1"]

1. e4 c5 2. Nf3 Nc6 3. d4 cxd4 4. Nxd4 Nf6 5. Nc3 d6 6. Bg5 e6 7. Qd2 a6 8. O-O-O Bd7 9. f4 b5 10. Bxf6 gxf6 11. Nxc6 Bxc6 12. Qe1 Qa5 13. Kb1 Be7 14. Bd3 b4 15. Ne2 Qb6 16. f5 e5 17. Qh4 d5 18. exd5 Bxd5 19. Be4 Bxe4 20. Qxe4 Rc8 21. Ng3 Qc6 22. Qxc6+ Rxc6 23. Ne4 Rg8 24. g3 Rg4 25. Rhe1 Rc4 26. Nd6+ Bxd6 27. Rxd6 Rge4 28. Rxe4 Rxe4 29. Kc1 a5 30. Rxf6 Re1+ 31. Kd2 Ra1 32. Rh6 Rxa2 33. Rxh7 Rxb2 34. Kc1 Ra2 35. f6 Ra3 36. Rh5 Re3 37. Kd2 Re4 38. Rh8+ Kd7 39. Ra8 Rd4+ 40. Ke3 Ke6 41. Rxa5 Kxf6 42. Ra8 Kf5 43. Rf8 f6 44. h4 Rg4 45. Kf3 Rc4 46. g4+ Ke6 47. Rb8 Rc3+ 48. Ke4 Rg3 49. Rb6+ Kf7 50. g5 fxg5 51. hxg5 Rxg5 52. Rb5 Ke6 53. Rb6+ Ke7 54. Kd5 Rg2 55. Kxe5 Rxc2 56. Rb7+ Kd8 57. Rxb4 1/2-1/2

[Event "Toronto-ch U20"]
[Site "Toronto CAN"]
[Date "2008.11.18"]
[Round "2"]
[White "Calugar, Arthur"]
[Black "Gusev, Nikita"]
[Result "1-0"]
[WhiteElo "2230"]
[BlackElo "2048"]
[PlyCount "145"]
[GameId "2160767910294396"]
[EventDate "2008.11.11"]
[EventType "tourn"]
[EventRounds "5"]
[EventCountry "CAN"]
[SourceTitle "EXT 2011"]
[Source "ChessBase"]
[SourceDate "2011.11.26"]
[SourceVersion "1"]
[SourceVersionDate "2011.11.26"]
[SourceQuality "1"]

1. Nf3 d5 2. b3 Bf5 3. Bb2 e6 4. g3 Nd7 5. Bg2 h6 6. c4 Ngf6 7. O-O Be7 8. d4 O-O 9. Nbd2 c6 10. Re1 Bh7 11. Ne5 Nxe5 12. dxe5 Nd7 13. Qc1 a5 14. Bc3 b5 15. cxb5 cxb5 16. Qb2 Qb6 17. Bd4 Bc5 18. Bxc5 Nxc5 19. Qd4 Nd7 20. Qxb6 Nxb6 21. Rac1 Rac8 22. Nf3 b4 23. Nd4 Rxc1 24. Rxc1 Rc8 25. Rxc8+ Nxc8 26. Nc6 Bb1 27. Nxa5 Bxa2 28. e4 d4 29. Kf1 f6 30. f4 fxe5 31. fxe5 Nb6 32. Ke2 Bb1 33. Nc6 d3+ 34. Kd2 Bc2 35. Nd4 Nd7 36. Bh3 Nc5 37. Bxe6+ Nxe6 38. Nxe6 Bxb3 39. Nc7 Bc2 40. e6 Kf8 41. e7+ Kxe7 42. Nd5+ Kd6 43. Nxb4 Ba4 44. Nxd3 Bd7 45. Ke3 g5 46. Kd4 Bh3 47. Nf2 Bc8 48. Nd1 Ke6 49. Ne3 Kf6 50. Nd5+ Ke6 51. Nb6 Ba6 52. Nc4 h5 53. Ne3 h4 54. Nf5 hxg3 55. hxg3 Be2 56. Ne3 Ba6 57. Nc2 Be2 58. Nb4 Bb5 59. Nd3 Be8 60. Nf2 Bb5 61. Nh3 Kf6 62. Nf2 Bc6 63. Kc5 Ba4 64. Kd6 Bb3 65. Ng4+ Kf7 66. Ne3 Ke8 67. e5 Kf7 68. Nd5 Bxd5 69. Kxd5 Ke7 70. g4 Kd7 71. e6+ Ke7 72. Ke5 Ke8 73. Kf6 1-0

[Event "Toronto-ch U20"]
[Site "Toronto CAN"]
[Date "2008.11.18"]
[Round "2"]
[White "Hambleton, Aman"]
[Black "Kleinman, Michael"]
[Result "1-0"]
[WhiteElo "2060"]
[BlackElo "2007"]
[PlyCount "121"]
[GameId "2160767910294397"]
[EventDate "2008.11.11"]
[EventType "tourn"]
[EventRounds "5"]
[EventCountry "CAN"]
[SourceTitle "EXT 2011"]
[Source "ChessBase"]
[SourceDate "2011.11.26"]
[SourceVersion "1"]
[SourceVersionDate "2011.11.26"]
[SourceQuality "1"]

1. d4 Nf6 2. c4 g6 3. Nc3 d5 4. cxd5 Nxd5 5. Bd2 Bg7 6. e4 Nb6 7. Be3 Nc6 8. d5 Ne5 9. Bd4 O-O 10. f4 Ng4 11. Bxg7 Kxg7 12. Be2 e5 13. Bxg4 Qh4+ 14. g3 Qxg4 15. Qxg4 Bxg4 16. h3 Bd7 17. Nf3 exf4 18. gxf4 c6 19. dxc6 Bxc6 20. Kf2 Rad8 21. Rad1 Nc4 22. b3 Nd6 23. Ke3 b6 24. Nd4 Bb7 25. Rhe1 Rc8 26. Ndb5 Nxb5 27. Nxb5 Ba6 28. Nd6 Rc3+ 29. Kf2 Rxh3 30. Kg2 Rd3 31. Rxd3 Bxd3 32. Rd1 Ba6 33. Rc1 Rd8 34. e5 Rd7 35. b4 Bb7+ 36. Kf2 Bd5 37. a4 Be6 38. Ke3 Re7 39. Kd4 f6 40. a5 bxa5 41. bxa5 fxe5+ 42. fxe5 g5 43. Nb5 h5 44. Kc5 a6 45. Kd6 Kf8 46. Nc7 Bg4 47. Rf1+ Rf7 48. e6 Bxe6 49. Nxe6+ Ke8 50. Rh1 Rd7+ 51. Kc6 Re7 52. Nc7+ Kf7 53. Rxh5 Kg6 54. Rh1 g4 55. Nxa6 Re6+ 56. Kb5 Kg5 57. Nc5 Re2 58. Ra1 g3 59. a6 Rb2+ 60. Kc6 Rb8 61. a7 1-0

[Event "Toronto-ch U20"]
[Site "Toronto CAN"]
[Date "2008.11.18"]
[Round "2"]
[White "Orlova, Yelizaveta"]
[Black "Sapozhnikov, Roman"]
[Result "0-1"]
[WhiteElo "2035"]
[BlackElo "2264"]
[PlyCount "120"]
[GameId "2160767910294398"]
[EventDate "2008.11.11"]
[EventType "tourn"]
[EventRounds "5"]
[EventCountry "CAN"]
[SourceTitle "EXT 2011"]
[Source "ChessBase"]
[SourceDate "2011.11.26"]
[SourceVersion "1"]
[SourceVersionDate "2011.11.26"]
[SourceQuality "1"]

1. d4 Nf6 2. Nf3 g6 3. g3 Bg7 4. Bg2 O-O 5. O-O d6 6. c4 Nc6 7. d5 Na5 8. Qa4 c5 9. Nbd2 Bd7 10. Qc2 b5 11. e4 Nxc4 12. Nxc4 bxc4 13. Qxc4 Rb8 14. Re1 Rb4 15. Qc2 Ng4 16. Rb1 Ne5 17. Nxe5 Bxe5 18. Bd2 Rb7 19. Bc3 Bxc3 20. Qxc3 Qb6 21. f4 Qb4 22. Qxb4 Rxb4 23. b3 Rfb8 24. e5 Bf5 25. Rbc1 Kf8 26. Bf3 h5 27. Be2 Rd4 28. Rcd1 Bc2 29. Rxd4 cxd4 30. Rc1 d3 31. Bd1 Rb5 32. exd6 exd6 33. Kf2 Rxd5 34. Bxc2 Rc5 35. Ke3 dxc2 36. Kd2 Ke7 37. Rxc2 Ra5 38. Kd3 Ke6 39. b4 Ra4 40. Rb2 Kd5 41. Ke3 Ra3+ 42. Ke2 Kc4 43. Kf2 d5 44. Re2 Kd4 45. Rd2+ Kc4 46. Kf1 d4 47. Ke2 Re3+ 48. Kd1 Rd3 49. Rxd3 Kxd3 50. b5 Kc4 51. Kd2 Kxb5 52. Kd3 Kc5 53. h3 f5 54. Kd2 Kc4 55. Kc2 d3+ 56. Kd2 Kd4 57. Kd1 Ke3 58. Ke1 Kf3 59. Kd2 Kxg3 60. Kxd3 Kxh3 0-1

[Event "Toronto-ch U20"]
[Site "Toronto CAN"]
[Date "2008.11.25"]
[Round "3"]
[White "Gusev, Nikita"]
[Black "Orlova, Yelizaveta"]
[Result "1-0"]
[WhiteElo "2048"]
[BlackElo "2035"]
[PlyCount "99"]
[GameId "2160767910294399"]
[EventDate "2008.11.11"]
[EventType "tourn"]
[EventRounds "5"]
[EventCountry "CAN"]
[SourceTitle "EXT 2011"]
[Source "ChessBase"]
[SourceDate "2011.11.26"]
[SourceVersion "1"]
[SourceVersionDate "2011.11.26"]
[SourceQuality "1"]

1. e4 c5 2. Nf3 Nc6 3. d4 cxd4 4. Nxd4 Qb6 5. Nb3 g6 6. Nc3 Bg7 7. Nd5 Qd8 8. Bf4 d6 9. c3 Nf6 10. Nxf6+ Bxf6 11. Bh6 Bd7 12. Qd2 Qc7 13. Be2 O-O-O 14. Be3 Kb8 15. O-O Ne5 16. Bd4 Bc6 17. Qe3 b6 18. a4 Nd7 19. c4 e5 20. Bc3 Qb7 21. f3 Be7 22. a5 f5 23. Bd3 f4 24. Qe2 g5 25. Nd2 g4 26. b4 gxf3 27. gxf3 Nf6 28. axb6 Qxb6+ 29. Kh1 Qe3 30. Rfe1 Qxe2 31. Rxe2 Rhg8 32. Nb3 Rd7 33. b5 Ba8 34. c5 Rg5 35. c6 Rd8 36. Rea2 Rdg8 37. Rxa7 Rg1+ 38. Rxg1 Rxg1+ 39. Kxg1 Kxa7 40. Ba5 Kb8 41. Bc4 Ne8 42. Bd5 Nc7 43. b6 Nxd5 44. exd5 Bf8 45. Nd2 Be7 46. Nc4 Bf8 47. Bb4 Be7 48. Bxd6+ Bxd6 49. Nxd6 h5 50. c7# 1-0

[Event "Toronto-ch U20"]
[Site "Toronto CAN"]
[Date "2008.11.25"]
[Round "3"]
[White "Kleinman, Michael"]
[Black "Calugar, Arthur"]
[Result "1/2-1/2"]
[WhiteElo "2007"]
[BlackElo "2230"]
[PlyCount "100"]
[GameId "2160767910294400"]
[EventDate "2008.11.11"]
[EventType "tourn"]
[EventRounds "5"]
[EventCountry "CAN"]
[SourceTitle "EXT 2011"]
[Source "ChessBase"]
[SourceDate "2011.11.26"]
[SourceVersion "1"]
[SourceVersionDate "2011.11.26"]
[SourceQuality "1"]

1. e4 c5 2. Nc3 Nc6 3. Bb5 Nd4 4. Bc4 e6 5. Nf3 a6 6. Nxd4 cxd4 7. Ne2 b5 8. Bb3 Bb7 9. d3 Bc5 10. O-O Ne7 11. Ng3 O-O 12. f4 f5 13. Bd2 Rc8 14. a4 Qc7 15. Qe1 fxe4 16. Nxe4 Nf5 17. axb5 axb5 18. Rf3 Rf7 19. g4 Ne3 20. Qg3 Bxe4 21. dxe4 Nxc2 22. Rc1 d3+ 23. Kf1 Qd6 24. Rxd3 Nd4 25. Rcc3 Qb6 26. Rxd4 Ra8 27. Rdd3 Bb4 28. Rc1 Bd6 29. Kg2 Raf8 30. Rf1 Qb8 31. Rdf3 g5 32. Bc3 Bxf4 33. Qf2 b4 34. Bd2 Qb7 35. Bxf4 gxf4 36. Qe2 Qb8 37. h3 Qe5 38. Re1 h5 39. gxh5 Rg7+ 40. Kh2 Qxh5 41. Qf2 Kh8 42. Rxf4 Qe5 43. Rf1 Rxf4 44. Qxf4 Qxb2+ 45. Rf2 Qxb3 46. Qh4+ Kg8 47. Qd8+ Kh7 48. Qh4+ Kg8 49. Qd8+ Kh7 50. Qh4+ Kg8 1/2-1/2

[Event "Toronto-ch U20"]
[Site "Toronto CAN"]
[Date "2008.11.25"]
[Round "3"]
[White "Sapozhnikov, Roman"]
[Black "Hambleton, Aman"]
[Result "0-1"]
[WhiteElo "2264"]
[BlackElo "2060"]
[PlyCount "186"]
[GameId "2160767910294401"]
[EventDate "2008.11.11"]
[EventType "tourn"]
[EventRounds "5"]
[EventCountry "CAN"]
[SourceTitle "EXT 2011"]
[Source "ChessBase"]
[SourceDate "2011.11.26"]
[SourceVersion "1"]
[SourceVersionDate "2011.11.26"]
[SourceQuality "1"]

1. e4 e6 2. d4 d5 3. e5 c5 4. c3 Nc6 5. Nf3 Bd7 6. a3 Nge7 7. Bd3 cxd4 8. cxd4 Nf5 9. Bc2 Qb6 10. Bxf5 exf5 11. Nc3 Be6 12. O-O Be7 13. Na4 Qb5 14. Bg5 O-O 15. Rc1 h6 16. Bxe7 Nxe7 17. Rc7 Rfe8 18. Nc5 Rab8 19. Qd2 Qb6 20. Nxe6 fxe6 21. Rd7 Rbd8 22. Rxd8 Rxd8 23. Rc1 Rc8 24. Rxc8+ Nxc8 25. Qc3 Ne7 26. h4 Qc6 27. Qxc6 Nxc6 28. h5 Na5 29. Nd2 Nc4 30. Nb3 b6 31. Na1 Nxb2 32. Kf1 Kf7 33. Ke2 Nc4 34. Nc2 Ke7 35. Kd3 Kd7 36. Kc3 Kc6 37. a4 Kb7 38. Nb4 Na5 39. Nd3 Nc6 40. Nf4 Nd8 41. Kb4 Ka6 42. f3 Nc6+ 43. Kc3 Nd8 44. Kb4 Nc6+ 45. Kc3 Ka5 46. Nxe6 Kxa4 47. Nxg7 Ka3 48. Nxf5 b5 49. Kc2 Ka2 50. Ne3 b4 51. Nxd5 b3+ 52. Kd3 b2 53. Nc3+ Kb3 54. e6 Nb4+ 55. Kd2 Nd5 56. Nb1 Ka2 57. Kc2 Nb4+ 58. Kd2 Nd5 59. Kc2 Nb4+ 60. Kd2 Kxb1 61. e7 Ka1 62. e8=Q b1=Q 63. Kc3 Nd5+ 64. Kc4 Nb6+ 65. Kc5 Qf5+ 66. Kb4 a5+ 67. Kc3 a4 68. Qe2 Qa5+ 69. Kc2 Qb4 70. Kc1 Qb1+ 71. Kd2 Qb2+ 72. Ke3 Nd5+ 73. Kf2 Qxe2+ 74. Kxe2 Kb2 75. g4 a3 76. g5 hxg5 77. h6 Nf6 78. d5 Nxd5 79. h7 Nf4+ 80. Ke3 Ng6 81. Ke4 a2 82. Kf5 Nh8 83. Kxg5 a1=Q 84. f4 Kb3 85. f5 Qg7+ 86. Kf4 Qxh7 87. Ke5 Qe7+ 88. Kf4 Qf6 89. Ke4 Kc4 90. Kf4 Kd4 91. Kg4 Ke3 92. Kh5 Qxf5+ 93. Kh4 Qg6 0-1

[Event "Toronto-ch U20"]
[Site "Toronto CAN"]
[Date "2008.12.02"]
[Round "4"]
[White "Hambleton, Aman"]
[Black "Calugar, Arthur"]
[Result "1/2-1/2"]
[WhiteElo "2060"]
[BlackElo "2230"]
[PlyCount "115"]
[GameId "2160767910294402"]
[EventDate "2008.11.11"]
[EventType "tourn"]
[EventRounds "5"]
[EventCountry "CAN"]
[SourceTitle "EXT 2011"]
[Source "ChessBase"]
[SourceDate "2011.11.26"]
[SourceVersion "1"]
[SourceVersionDate "2011.11.26"]
[SourceQuality "1"]

1. d4 d5 2. c4 c6 3. Nc3 e5 4. dxe5 d4 5. Ne4 Qa5+ 6. Bd2 Qxe5 7. Ng3 c5 8. Nf3 Qc7 9. e3 dxe3 10. Bxe3 Nc6 11. Be2 Nf6 12. Qd2 Be7 13. O-O O-O 14. Bf4 Qb6 15. a3 Bg4 16. Rfe1 Rad8 17. Qc3 Rfe8 18. Ne5 Bxe2 19. Nxc6 Qxc6 20. Rxe2 Bd6 21. Rxe8+ Rxe8 22. Bxd6 Qxd6 23. h3 Rd8 24. Qa5 Qb6 25. Qc3 Qd6 26. Qa5 Qb6 27. Qc3 Qc7 28. Re1 Qd7 29. b4 cxb4 30. axb4 Qd4 31. Qb3 h6 32. c5 Qd5 33. Qxd5 Rxd5 34. Re7 Rd1+ 35. Kh2 Rd7 36. Nf5 Rxe7 37. Nxe7+ Kf8 38. Nc8 a6 39. Nd6 Nd5 40. b5 axb5 41. Nxb5 Ke7 42. Nd6 b6 43. Nc8+ Kd7 44. Nxb6+ Nxb6 45. cxb6 Kc6 46. Kg3 Kxb6 47. Kf4 Kc6 48. Ke5 Kd7 49. h4 Ke7 50. h5 f6+ 51. Kd5 Kd7 52. f4 Ke7 53. g3 Kd7 54. g4 Ke7 55. f5 Kd7 56. Kc5 Kc7 57. Kd5 Kd7 58. Kc5 1/2-1/2